La vie collective des habitants du Corbusier (notice n° 1548764)
[ vue normale ]
| 000 -LEADER | |
|---|---|
| fixed length control field | 00994cam a2200133 4500500 |
| 005 - DATE AND TIME OF LATEST TRANSACTION | |
| control field | 20251012042358.0 |
| 041 ## - LANGUAGE CODE | |
| Language code of text/sound track or separate title | fre |
| 042 ## - AUTHENTICATION CODE | |
| Authentication code | dc |
| 100 10 - MAIN ENTRY--PERSONAL NAME | |
| Personal name | Jouenne, Noël |
| Relator term | author |
| 245 00 - TITLE STATEMENT | |
| Title | La vie collective des habitants du Corbusier |
| 260 ## - PUBLICATION, DISTRIBUTION, ETC. | |
| Name of publisher, distributor, etc. | L'Harmattan,<br/> |
| Date of publication, distribution, etc. | 2005.<br/> |
| 520 ## - SUMMARY, ETC. | |
| Summary, etc. | Dans le droit fil des théories issues de la Charte d’Athènes, la naissance des unités d’habitation selon Le Corbusier a donné lieu à 5 expériences uniques au monde, dont 4 en France entre 1952 et 1968. Ces immeubles collectifs ont en commun une architecture «utopiste», dans lesquels le projet d’ensemble comprend également un jeu d’équipements et de services mis à disposition des habitants. L’originalité de cet ouvrage tient à la place accordée à l’homme dans son rapport à l’architecture moderne et à la vie en immeuble collectif. |
| 856 41 - ELECTRONIC LOCATION AND ACCESS | |
| Uniform Resource Identifier | <a href="https://shs.cairn.info/la-vie-collective-des-habitants-du-corbusier--9782747585224?lang=fr&redirect-ssocas=7080">https://shs.cairn.info/la-vie-collective-des-habitants-du-corbusier--9782747585224?lang=fr&redirect-ssocas=7080</a> |
Pas d'exemplaire disponible.




Réseaux sociaux